| 000 | 00984cam a2200301 i 4500 | ||
|---|---|---|---|
| 999 |
_c23550 _d23550 |
||
| 001 | 2214545 | ||
| 003 | BDDh-ASL | ||
| 005 | 20231015030246.0 | ||
| 008 | 750305s1973 bg b 001 0 eng | ||
| 010 | _a 74902361 | ||
| 040 |
_aDLC _cDLC _dDLC _dBDDh-ASL |
||
| 043 | _aa-ii--- | ||
| 050 | 0 | 0 |
_aPN5378.B5 _bN8 |
| 082 | 0 | 0 |
_a301.4529 _bNUB |
| 100 | 2 |
_aNūraula Isalāma, Mustāphā, _d1927- |
|
| 245 | 1 | 0 |
_aBengali Muslim public opinion as reflected in the Bangali press, 1901-1930 / _cMustafa Nurul Islam. |
| 250 | _a1st ed. | ||
| 260 |
_aDacca : _bBangla Academy, _c1973. |
||
| 300 |
_a341 p. : _c22 cm. |
||
| 500 | _a"Based on research that was undertaken at the University of London for the degree of doctor of philosophy." | ||
| 500 | _aIncludes index. | ||
| 500 | _aTk25.00 | ||
| 504 | _aBibliography: p. [326]-334. | ||
| 650 | 0 |
_aIslamic press _zBengal. |
|
| 650 | 0 |
_aMuslims _zBengal. |
|
| 906 |
_a7 _bcbc _corignew _d4 _encip _f19 _gy-gencatlg |
||
| 942 |
_2ddc _cBK |
||